000 00336nam a22001337a 4500
020 _a0060655801
082 _a220.52042 COL
100 _ameeks, Wayne A. (ed)
245 _aHarper Collins Study Bible: New Revised Standard Version
260 _aNew York, USA
_bHarper Collins
_c1993
300 _a2347
650 _aBible
942 _cBK
999 _c23232
_d23232